LEADER 01319nam2-2200397li-450 001 990000238810203316 005 20180312154830.0 010 $a0-387-94582-2 035 $a0023881 035 $aUSA010023881 035 $a(ALEPH)000023881USA01 035 $a0023881 100 $a20001109d1996----km-y0itay0103----ba 101 0 $aeng 102 $aUS 200 1 $a<> introduction to difference equations$fSaber N. Elaydi 210 $aNew York$cSpringer-Verlag$dcopyr.1996 215 $aXIII, 389 p.$cill.$d24 cm 225 2 $aUndergraduate texts in mathematics$v0 410 0$10010023878$12001$aUndergraduate texts in mathematics$fJ. H. Ewing, F. W. Gehring, P. R. Halmos 610 1 $aequazioni alle differenze finite 676 $a515625$9Equazioni alle differenze finite 700 1$aElaydi,$bSaber N.$0441707 801 $aSistema bibliotecario di Ateneo dell' Università di Salerno$gRICA 912 $a990000238810203316 951 $a510 UTM (52)$b0022435 951 $a515.35 ELA$b13083 959 $aBK 969 $aSCI 979 $c19981014 979 $c20001110$lUSA01$h1715 979 $aPATTY$b90$c20010726$lUSA01$h1703 979 $c20020403$lUSA01$h1632 979 $aPATRY$b90$c20040406$lUSA01$h1617 996 $aIntroduction to difference equations$983049 997 $aUNISA LEADER 01851nam 2200505 450 001 9910809137103321 005 20200520144314.0 010 $a1-119-05246-7 035 $a(CKB)24989706700041 035 $a(Au-PeEL)EBL4040802 035 $a(CaPaEBR)ebr11113872 035 $a(OCoLC)957124498 035 $a(PPN)189382554 035 $a(MiAaPQ)EBC4040802 035 $a(EXLCZ)9924989706700041 100 $a20151105h20162016 uy 0 101 0 $aeng 135 $aur||||||||||| 181 $2rdacontent 182 $2rdamedia 183 $2rdacarrier 200 10$aLow-frequency electromagnetic modeling for electrical and biological systems using MATLAB /$fSergey N. Makarov, Gregory M. Noetscher, Ara Nazarian 210 1$aHoboken, New Jersey :$cWiley,$d2016. 210 4$d2016 215 $a1 online resource (790 pages) $cillustrations (some color), tables 320 $aIncludes bibliographical references at the end of each chapters and index. 606 $aBioelectromagnetism$xComputer simulation 606 $aElectromagnetic devices$xComputer simulation 606 $aElectromagnetism$xComputer simulation 606 $aELF electromagnetic fields$xMathematical models 615 0$aBioelectromagnetism$xComputer simulation. 615 0$aElectromagnetic devices$xComputer simulation. 615 0$aElectromagnetism$xComputer simulation. 615 0$aELF electromagnetic fields$xMathematical models. 676 $a621.382/24028553 700 $aMakarov$b Sergey N.$0763002 702 $aNazarian$b Ara$f1971- 702 $aNoetscher$b Gregory M.$f1978- 801 0$bMiAaPQ 801 1$bMiAaPQ 801 2$bMiAaPQ 906 $aBOOK 912 $a9910809137103321 996 $aLow-frequency electromagnetic modeling for electrical and biological systems using MATLAB$93915545 997 $aUNINA